| 000 | 00541nam a2200217Ia 4500 | ||
|---|---|---|---|
| 005 | 20240322123341.0 | ||
| 008 | 131103s9999 xx 000 0 und d | ||
| 020 | _a0 00 636690 2 | ||
| 040 | _aLoreto College | ||
| 041 | _aEnglish | ||
| 082 |
_a155.4 _bBOW |
||
| 100 | _aBower,Tom | ||
| 245 | 4 |
_aThe Perceptual World of the Child _cTom Bower |
|
| 260 |
_aGreat Britain _bFontana _c1977 |
||
| 300 | _a92p. | ||
| 440 | _aThe developing child | ||
| 504 | _aIncludes index | ||
| 650 | _aPsychology | ||
| 850 | _aLCBED | ||
| 942 | _cBK | ||
| 999 |
_c26612 _d77091 |
||